01150nam a2200325Ic 450000100060000000300100000600500170001600700030003300800410003604000350007704100080011208200160012010000180013624501380015425000180029226400570031030000180036733600260038533700280041133800270043949000490046665000400051565000310055565000370058665000490062365000310067265000370070371000420074071000420078260406CO-BoRNBP20260204224222.0ta000101?uuuu unk 000 0 unk d aCO-BoRNBPbspaerdacCO-BoRNBP aspa a323.42 C64e10aColombiaeaut03aEl estado social y democrático de derecho y los derechos humanos /cDefensoría del Pueblo, Red de Promotores de Derechos Humanos. a1a. edición 1aBogotá, Colombia :bDefensoría del Pueblo,c2001 a123 páginas atextbtxt2rdacontent aunmediatedbn2rdamedia avolumebnc2rdacarrier aDerechos económicos, sociales y culturales17aDemocraciaxAspectos sociales2lemb17aDemocraciazColombia2lemb17aDerecho y EstadozColombia2lemb17aGarantías constitucionaleszColombia2lemb17aIgualdad ante la ley2lemb17aDerechos humanoszColombia2lemb aRed de Promotores de Derechos Humanos aRed de Promotores de Derechos Humanos